000 00217nam a22000857a 4500
008 170209b xxu||||| |||| 00| 0 eng d
100 _92832
_aBharat Scouts
245 _aFlck Leaders Hand book
260 _aNew Delhi
_bBS
_c2007
999 _c6049
_d6049